00291nam a2200109Ia 4500008004100000100003200041245004400073260002400117650001500141942000800156999001700164190216s9999||||xx |||||||||||||| ||und|| aGovt Of India Plannig Comm 0aNational Service Scheme Nss Manuel 1987 bGovernment Of India aReferences cREF c35947d35947